Quizzes
Events
Quiz Creation
Community
Videos
Private Events
Remove Ads
Sign In
Join for FREE
Feedback
Dark Mode
Quiz Categories
Sports
Geography
Music
Movies
Television
Just For Fun
Miscellaneous
History
Literature
Language
Science
Gaming
Entertainment
Religion
Holiday
For Kids
Quiz Lab
Recent
Popular Today
Quiz Kudos Today
Editor Picks
Curator Picks
Quizzes by...
Day
Popularity
Type
Ratings
Length
Year
Community
Subscriptions
Recent Discussions
Orange Saloon
Badges
Playlists
Quests
Create
Leaderboards
Showdown
Live 5
Trivia Bingo
Activity
Puzzle Library
Sporcle Events
Private Events
Virtual Trivia
Globe League
Become a Host
Pub Owners
SporcleCon
Opinionation
Our Games
Videos
Blog
Mobile Apps
Partnerships
Remove Ads and Go Orange
Feedback
Music
Pop Music
The Beatles
Song
Album
Lyrics
Bands
Singers
Artist
Clip
Rock
Rap
Classical
Billboard
Country Music
Kpop
Taylor Swift
Music
Pop Music
The Beatles
Song
Album
Lyrics
Bands
Singers
Artist
Clip
Rock
Rap
Classical
Billboard
Country Music
Kpop
Taylor Swift
Random Quiz
Search Sporcle
×
Quiz Lab
Quiz Lab
Music
Disney
Type in answers that appear in a list
Type in answers that appear in a list
Classic
Best Score? Go Orange.
Figure out the Disney Lyrics Stats
Can you name the Figure out the Disney Lyrics?
By
rainfire
10m
182 Questions
361 Plays
361 Plays
361 Plays
Comments
Comments
Give Quiz Kudos
Give Quiz Kudos
-
- Ratings
hide this ad
Replay
Link that replays current quiz
Next Quiz
Link to next quiz in quiz playlist
You Got
0%
They Got
Avg Score
48%
Avg Friend Score
Upgrade to see
Score Distribution
Jump to the score distribution portion of the page
Score
0/182
Timer
10:00
0
Plays Today
% Correct
the
98.9%
a
98.9%
a
98.9%
and
98.9%
the
98.9%
the
98.9%
a
98.9%
and
98.9%
the
98.9%
the
98.9%
and
98.9%
the
98.9%
i
98.3%
i
98.3%
i
98.3%
i
98.3%
i
98.3%
i
98.3%
i
98.3%
i
98.3%
i
98.3%
i
98.3%
i
98.3%
i
98.3%
i
98.3%
i
98.3%
i
98.3%
i
98.3%
i
98.3%
i
98.3%
i
98.3%
you
86.7%
you
86.7%
you
86.7%
in
80.6%
to
78.7%
it
78.4%
can
75.1%
can
75.1%
can
75.1%
me
71.7%
me
71.7%
on
71.2%
when
71.2%
i'm
69.5%
i'm
69.5%
i'm
69.5%
i'm
69.5%
why
68.1%
why
68.1%
why
68.1%
why
68.1%
why
68.1%
why
68.1%
why
68.1%
why
68.1%
why
68.1%
why
68.1%
of
64%
that
60.1%
love
59%
% Correct
then
57.9%
then
57.9%
it's
56.8%
it's
56.8%
i've
54.8%
at
54%
at
54%
this
53.7%
they
53.5%
they
53.5%
not
52.4%
not
52.4%
but
48.5%
but
48.5%
but
48.5%
from
48.2%
have
47.9%
have
47.9%
one
46.8%
just
44.9%
just
44.9%
should
44%
should
44%
should
44%
should
44%
should
44%
should
44%
should
44%
should
44%
should
44%
should
44%
St
43.8%
got
41.6%
got
41.6%
got
41.6%
got
41.6%
got
41.6%
got
41.6%
down
36.8%
down
36.8%
care
34.1%
care
34.1%
care
34.1%
care
34.1%
care
34.1%
get
33.8%
bebopulation
31.9%
heart
31.3%
there's
30.2%
New
29.9%
Street
28.8%
street
28.8%
street
28.8%
street
28.8%
street
28.8%
street
28.8%
worry
28.5%
worry
28.5%
worry
28.5%
worry
28.5%
worry
28.5%
% Correct
whoo
27.4%
whoo
27.4%
whoo
27.4%
whoo
27.4%
whoo
27.4%
whoo
27.4%
whoo
27.4%
whoo
27.4%
whoo
27.4%
whoo
27.4%
whoo
27.4%
whoo
27.4%
whoo
27.4%
minute
26.3%
doopulation
25.8%
once
25.2%
Park
23.8%
may
23.5%
may
23.5%
Central
23.3%
City
22.2%
city
22.2%
York
21.6%
everything
20.2%
everything
20.2%
faire
18.8%
faire
18.8%
faire
18.8%
faire
18.8%
faire
18.8%
even
17.7%
savoire
16.9%
savoire
16.9%
savoire
16.9%
Marks
16.6%
dime
16.6%
dime
16.6%
goes
16.1%
own
15.8%
Delancey
15.5%
beat
15%
streetsmart
14.7%
town
14.7%
rhythm
14.4%
Ritz
14.4%
crown
14.4%
saviore
14.1%
saviore
14.1%
streetwise
13.9%
wear
13.9%
adore
13.6%
improvise
13.3%
syncopated
11.6%
fits
11.4%
Chelsea
11.4%
line
11.1%
Bow'ry
10.8%
cross
10.5%
whoowho
9.1%
whoowho
9.1%
Quiz Playlist
Details
Report
Send in Message
Add To Playlist
Classic:
Type in answers that appear in a list
Last Updated: Feb 18, 2017
Quiz Scoreboard
CHALLENGE
Sign Up to Join the Scoreboard
Show All
Scores
Hide
Comments
May contain spoilers
Recently Published
Alphabetical 'K' Countries by Flag Minefield
by ylime102
Geography
3m
Pick 6: Fruits
by JohnFran
Miscellaneous
15s
Click the 1999 NBA Draft
by nibperrychub
Sports
2m
More to Explore
Quiz From the Vault
Featured Blog Post
15 Basketball Trivia Facts You Can Be March Mad About
hide this ad
You Might Also Like...
Tags
Disney Quiz
Today's Top Quizzes in Music
Browse Music
hide this ad
Today's Top Quizzes in Disney
Browse Disney
Top Contributed Quizzes in Music
1
Taylor Swift All Songs (2024)
2
A Taylor Swift Logic Puzzle
3
KPOP LOGIC QUIZ
4
Taylor Swift Logic Puzzle
5
NCT 2020 Logic Puzzle
6
Guess the Taylor Swift song (Mystery Song)
7
Joni Mitchell—'Car on a Hill' Lyrics
8
Guess The Taylor Swift Lyrics Song #1
9
Lana Del Rey songs - match the song with the album
10
kpop group name match up
Explore More
Trending Topics
Kpop
NBA
Crossword
Anime
Marvel
Harry Potter
Disney
Puzzle
The Office
Song
Soccer
NFL
WWE
Country
Pokémon
hide this ad
More By:
rainfire
Quiz
Plays
Rating
Category
Featured
Created
Movies: What Time Is It?
36,512
4.40
Movies
Nov 2, 2016
Pixar Movie by Background Image
3,183
4.18
Movies
Nov 8, 2016
Song by Music Clip
758
4.92
Music
Nov 17, 2016
Figure out the Disney Lyrics
521
4.40
Music
Dec 17, 2011
Non-Disney Animated Movies by Picture
416
5.00
Movies
Oct 5, 2016
Go to Creator's Profile
Score Distribution
Quiz Creator Spotlight
rainfire
Follow
Send a Message
Quizzes Created
-
Created Quiz Play Count
-
More By This Creator
Popular Quizzes Today
1
Find the US States - No Outlines Minefield
2
Countries of Asia Without Outlines Minefield
3
Pick 6: Fruits
4
The Countries of the World
5
Alphabetical 'K' Countries by Flag Minefield
6
Click the 1999 NBA Draft
7
Find the US States
8
Match the Book to the Film X
More Music Quizzes
Pick the Kpop Idol - Red hair
Quiz Lab
Trending Quizzes
Pick 6: Harry Potter
Pick 6: Mountains
Pick 6: NFL Teams
Pick 6: Movie Franchises
Pick 6: Golfers
Recently Updated
Women's Final Four Teams by Year
bhenderson79
Presidents Quartet II
eogle
Anything But Clue(do)
eogle
Anything But Oceanian Capitals
eogle
Anything But 7
eogle
Anything But Thing
eogle
Word Ladder: February 29
pecheneg
Song Title Questions
pecheneg
Women's NCAA Tournament #1 Seeds
pecheneg
Celebrity Mug Shots
pecheneg
Trending Topics
Anime
Kpop
Disney
Marvel
Crossword
NBA
Harry Potter
Soccer
Puzzle
WWE
The Office
Pokémon
Country
Song
NFL
Your Account Isn't Verified!
In order to create a playlist on Sporcle, you need to verify the email address you used during registration. Go to your
Sporcle Settings
to finish the process.
Report this User
Report this user for behavior that violates our
Community Guidelines
.
Details:
Send Report
Go to the Sporcle.com Mobile Site →
Comments